000 00924nam a2200205Ii 4500
003 JO-AjNU
008 230605s9999||||xx |||||||||||||| ||und||
040 _aJO-AjNU
_bara
_erda
_cJO-AjNU
041 _aara
050 1 4 _aCS1122.H39 1998
100 3 _aالحازمي ؛ ابن شدقم ؛ تقديم وتحقيق وتعليق: محمد زينهم، محمد عزت، عائشة التهامي، مديحة الشرقاوي,
_eauthor
_917687
245 0 0 _aعجالة المبتدئ وفضالة المنتهى في النسب يليه نخبة الزهرة الثمينة في نسب أشراف المدينة
264 3 1 _aد.م: مكتبة مدبولي، 1998
300 _a234ص
336 _atext
_btxt
_2rdacontent
337 _aunmediated
_bn
_2rdamedia
338 _avolume
_bnc
_2rdacarrier
490 0 _aمن تراث الانساب1
650 4 _aالانساب العربية- القبائل العربية
_917688
999 _aA5518
_c9086
_d9086